| 000 | 00979cam a22002653a 4500 | ||
|---|---|---|---|
| 001 | 9846 | ||
| 003 | PGUSA | ||
| 005 | 20140828083216.0 | ||
| 008 | 060201s2006||||xxu|||||s|||||000 e eng d | ||
| 040 |
_aPGUSA _beng |
||
| 042 | _adc | ||
| 050 | 4 | _aPS | |
| 100 | 1 |
_aThoreau, Henry David, _d1817-1862 |
|
| 245 | 1 | 0 |
_aExcursions _h[electronic resource] / _cHenry David Thoreau |
| 260 |
_bProject Gutenberg, _c2006 |
||
| 500 | _aIncludes a biographical sketch By Ralph Waldo Emerson. | ||
| 505 | 0 | _aBiographical sketch [by R.W. Emerson] -- Natural history of Massachusetts -- A walk to Wachusett -- The landlord -- A winter walk -- The succession of forest trees -- Walking -- Autumnal tints -- Wild apples -- Night and moonlight. | |
| 506 | _aPublic domain in the USA. | ||
| 516 | _aElectronic text | ||
| 653 | _aEssays | ||
| 700 | 1 |
_aEmerson, Ralph Waldo, _d1803-1882 |
|
| 830 | 0 |
_aProject Gutenberg _v9846 |
|
| 856 | 4 | 0 | _uhttp://www.gutenberg.org/ebooks/9846 |
| 942 | _cEB | ||
| 999 |
_c239102 _d239102 |
||